Countries that End with S - Statistics

General Stats
  • This quiz has been taken 120 times
  • The average score is 14 of 18
Answer Stats
Continent Country % Correct
North America Barbados
85%
North America Bahamas
83%
Australia/Oceania Marshall Islands
82%
Africa Seychelles
82%
Australia/Oceania Solomon Islands
82%
Europe Netherlands
81%
North America Honduras
80%
North America Saint Kitts and Nevis
80%
North America Saint Vincent and the Grenadines
80%
Asia Laos
79%
Africa Comoros
77%
Asia Maldives
75%
Europe Belarus
73%
Africa Mauritius
69%
Asia Cyprus
68%
Asia Philippines
67%
North America United States
66%
Asia United Arab Emirates
58%
No matching quizzes found
Score Distribution
Percent of People with Each Score
Percentile by Number Answered
Your Score History
You have not taken this quiz